Central Library OPAC University of Rajshahi

কাজী নজরুল ইসলাম জন্মশতবার্ষিকী স্মারকগ্রন্থ / (Record no. 71630)

MARC details
000 -LEADER
fixed length control field 01194nam a2200253 a 4500
001 - CONTROL NUMBER
control field 71630
003 - CONTROL NUMBER IDENTIFIER
rucl marc code BD-RjUL
005 - DATE AND TIME OF LATEST TRANSACTION
control field 20211209082134.0
008 - FIXED-LENGTH DATA ELEMENTS--GENERAL INFORMATION
fixed length control field 170506s2001 bg ||||| |||| 00| 0 ben d
020 ## - INTERNATIONAL STANDARD BOOK NUMBER
International Standard Book Number 9848193171
Terms of availability :Tk. 500.00
035 ## - SYSTEM CONTROL NUMBER
System control number (BD-RjUL)71846
040 ## - CATALOGING SOURCE
Original cataloging agency BD-RjUL
Language of cataloging ben
Transcribing agency BD-RjUL
041 ## - LANGUAGE CODE
Language code of text/sound track or separate title ben
082 ## - DEWEY DECIMAL CLASSIFICATION NUMBER
Edition number 23
Classification number 891.44092
Author mark and year KAZ 2001
245 00 - TITLE STATEMENT
Title কাজী নজরুল ইসলাম জন্মশতবার্ষিকী স্মারকগ্রন্থ /
Statement of responsibility, etc. আবদুল মান্নান সৈয়দ সম্পাদিত.
260 ## - PUBLICATION, DISTRIBUTION, ETC. (IMPRINT)
Place of publication, distribution, etc. ঢাকা :
Name of publisher, distributor, etc. এ্যাডর্ন পাবলিকেশন,
Date of publication, distribution, etc. ২০০১
300 ## - PHYSICAL DESCRIPTION
Pagination ৫৫৪ পৃ. :
Illustrations চিত্র ;
Size ২৩ সেমি.
600 ## - SUBJECT ADDED ENTRY--PERSONAL NAME
Personal name ইসলাম, কাজী নজরুল
Dates associated with a name ১৮৯৯-১৯৭৬
Personal name Islam, Kazi Nazrul
Dates associated with a name 1899-1976
General subdivision Biography
650 ## - SUBJECT ADDED ENTRY--TOPICAL TERM
Topical term or geographic name as entry element বাংলা সাহিত্য
General subdivision ইতিহাস ও সমালোচনা
9 (RLIN) 211942
Topical term or geographic name as entry element Bengali literature
General subdivision History and criticism
9 (RLIN) 211943
700 ## - ADDED ENTRY--PERSONAL NAME
Personal name সৈয়দ, আবদুল মান্নান
942 ## - ADDED ENTRY ELEMENTS (KOHA)
Source of classification or shelving scheme Dewey Decimal Classification
Koha item type Books
Holdings
Lost status Source of classification or shelving scheme Damaged status Not for loan Collection code Permanent Location Current Location Shelving location Date acquired Source of acquisition Cost, normal purchase price Total Checkouts Full call number Date last seen Copy number Koha item type
  Dewey Decimal Classification   Not For Loan Non-fiction Central Library, University of Rajshahi Central Library, University of Rajshahi Reading Room 12/01/2012 Adan publishers, Dhaka 500.00   B 891.44092 KAZ 2001 06/05/2017 C-1 Books